000
00265nam a2200121Ia 4500
005
20251222144837.0
008
251222s9999||||xx |||||||||||||| ||spa||
020
_a
158090
082
_a
726.785/P87
245
0
_a
Santa Catalina:
264
_b
Flyleaf
942
_c
LIB
999
_c
21067
_d
21067